ផ្សព្វផ្សាយព្រៃឈើ (Record no. 9284)

000 -LEADER
fixed length control field 00284nam a22001217a 4500
040 ## - CATALOGING SOURCE
Transcribing agency HS
082 ## - DEWEY DECIMAL CLASSIFICATION NUMBER
Classification number 634
100 ## - MAIN ENTRY--AUTHOR NAME
Personal name ខៀវ ឆដា
245 ## - TITLE STATEMENT
Title ផ្សព្វផ្សាយព្រៃឈើ
260 ## - PUBLICATION, DISTRIBUTION, ETC. (IMPRINT)
Place of publication RUA
Name of publisher ខៀវ​ ឆដា
Year of publication 1997
300 ## - PHYSICAL DESCRIPTION
Number of Pages NA
942 ## - ADDED ENTRY ELEMENTS (KOHA)
Koha item type សៀវភៅភាសាខ្មែរ
952 ## - LOCATION AND ITEM INFORMATION (KOHA)
Withdrawn status [LOCAL, KOHA] 0
952 ## - LOCATION AND ITEM INFORMATION (KOHA)
Withdrawn status [LOCAL, KOHA] 0
952 ## - LOCATION AND ITEM INFORMATION (KOHA)
Withdrawn status [LOCAL, KOHA] 0
Holdings
Permanent Location Date acquired Koha item type Lost status Shelving location Barcode Current Location Full call number
Library Block C2016-08-30សៀវភៅភាសាខ្មែរ C257RUA44201Library Block C634 ខៀវ 1997 C257
Library Block C2016-08-30សៀវភៅភាសាខ្មែរ C257RUA44408Library Block C634 ខៀវ 1997 C257
Library Block C2016-09-07សៀវភៅភាសាខ្មែរ C063RUA046477Library Block C634 ខៀវ 1997 C63
មជ្ឈមណ្ឌលឯការនៃសាកលវិទ្យាល័យភូមិន្ទកសិកម្មចំការដូង

Powered by Koha